Представление документа в формате MARC21

Поле Инд. ПП Название Значение
Тип записи a
Библиографический уровень b
001 Контрольный номер UNIDUBNAc8ba6f44144249e485d078d34ae9e490
005 Дата корректировки 20260406160814.7
008 Кодируемые данные 20170331
040 b Код языка каталог. rus
e Правила каталог. PSBO
041 0_ a Код языка текста rus
084 a Индекс другой классификации/Индекс ББК 63.3(2)6-3-7ю14
100 1_ a Автор Базанов П.
q Полное имя Базанов Петр
245 10 a Заглавие Сергей Вавилов - Николаю Вавилову: Вспомнил, как мы клубнику воровали...
b Продолж. заглавия Исповедальный дневник великого ученого, потерявшего вместе с убитым братом опору в жизни
500 a Примечание Тема номера: Год семьи
520 0_ a Аннотация С полным вариантом текста С. И. Вавилова можно ознакомиться по изданию: Вавилов С. И. Дневники, 1909-1951 / отв. ред. В. М. Орел, сост. и хранитель личного архива академика С. И. Вавилова В. В. Вавилова; ред.-сост. Ю. И. Кривоносов. Москва : Наука, 2012. Серия "Научное наследство". Том 34. Книга 1. 1909-1916. 682 с. Том 35. Книга 2. 1920, 1935-1951. 652 с. Отрывки из текста публикуются на правах цитирования.
600 14 a Персоналии Вавилов Николай Иванович
a Персоналии Вавилов Сергей Иванович
650 14 a Основная рубрика внутренняя политика
a Основная рубрика история
653 0_ a Ключевые слова XIX век
a Ключевые слова XX век
a Ключевые слова блокада Ленинграда
a Ключевые слова быт
a Ключевые слова Великая Отечественная война 1941-1945
a Ключевые слова генетика
a Ключевые слова государственные интересы
a Ключевые слова история науки
a Ключевые слова история семьи
a Ключевые слова научная деятельность
a Ключевые слова научные экспедиции
a Ключевые слова общественно-политическая жизнь
a Ключевые слова Россия
a Ключевые слова семейные ценности
a Ключевые слова семья
a Ключевые слова советский период
a Ключевые слова ядерная физика
773 08 t Заглавие источника Родина
d Дата издания источника 2024
g Прочая информация № 9. - С. 32 - 37 : фот.
w Контрольный № источника UNIDUBNAad0da4690cfe44a4a25ce3939b8a4507
901 t Тип документа b